000
00311nam a22001217a 4500
008
170714b xxu||||| |||| 00| 0 eng d
041
_a
eng
080
_a
101
100
_a
24
101
_a
FIL
245
_a
A GENERAL SYSTEMS PHILOSOPHY FOR THE SOCIAL AND BEHAVIORAL SCIENCES
_c
SUTHERLAND,J.W
942
_2
udc
_c
BK
999
_c
20793
_d
20793